Procesný a inovačný model internacionalizácie: Možnosti aplikácie pre malé a stredné firmy

Teoretické prístupy k internacionalizácii vo všeobecnosti a realizácia ich možnej aplikácie na internacionalizáciu MSP, čo zároveň predstavuje limitujúci faktor skúmania.

Gespeichert in:
Bibliographische Detailangaben
1. Verfasser: Škorvagová, Simona
Format: Buchkapitel
Sprache:Slowakisch
Schlagworte:
Tags: Tag hinzufügen
Keine Tags, Fügen Sie das erste Tag hinzu!

MARC

LEADER 00000naa a2200000 4500
001 0205746
005 20240502073426.7
041 0 |a slo 
044 |a SK 
245 1 0 |a Procesný a inovačný model internacionalizácie: Možnosti aplikácie pre malé a stredné firmy  |c Simona Škorvagová 
520 |a Teoretické prístupy k internacionalizácii vo všeobecnosti a realizácia ich možnej aplikácie na internacionalizáciu MSP, čo zároveň predstavuje limitujúci faktor skúmania. 
610 2 0 |a podnik malý 
610 2 0 |a podnik stredný 
610 2 0 |a internacionalizácia 
610 2 0 |a stratégia inovačná 
100 1 |a Škorvagová, Simona